Cadangan projek penyelidikan sejarah di sepanjang Sungai Johor (Record no. 107725)

MARC details
000 -LEADER
fixed length control field 00660nam a2200205 i 4500
001 - CONTROL NUMBER
control field C2-0304597
003 - CONTROL NUMBER IDENTIFIER
control field PPAK
005 - DATE AND TIME OF LATEST TRANSACTION
control field 20180728085721.0
008 - FIXED-LENGTH DATA ELEMENTS--GENERAL INFORMATION
fixed length control field 100602s1995 my a|||| ||||| | may d
040 ## - CATALOGING SOURCE
Original cataloging agency PPAK
Language of cataloging eng
Transcribing agency PPAK
Description conventions rda
110 2# - MAIN ENTRY--CORPORATE NAME
Corporate name or jurisdiction name as entry element Unit Penyelidikan, Yayasan Warisan Johor
245 00 - TITLE STATEMENT
Title Cadangan projek penyelidikan sejarah di sepanjang Sungai Johor
264 #1 - PRODUCTION, PUBLICATION, DISTRIBUTION, MANUFACTURE, AND COPYRIGHT NOTICE
Place of production, publication, distribution, manufacture [Johor] :
Name of producer, publisher, distributor, manufacturer Yayasan Warisan Johor ,
Date of production, publication, distribution, manufacture, or copyright notice 1995
300 ## - PHYSICAL DESCRIPTION
Extent 29 pages :
Other physical details illustrations ;
Dimensions 30 cm
336 ## - CONTENT TYPE
Source rdacontent
Content type term text
337 ## - MEDIA TYPE
Source rdamedia
Media type term unmediated
338 ## - CARRIER TYPE
Source rdacarrier
Carrier type term volume
710 2# - ADDED ENTRY--CORPORATE NAME
Corporate name or jurisdiction name as entry element Unit Penyelidikan, Yayasan Warisan Johor
Relator term organizer
942 ## - ADDED ENTRY ELEMENTS (KOHA)
-- dc
Koha item type Book
Holdings
Withdrawn Not for loan Current library Shelving location Date acquired Barcode Date last seen Koha item type
  Not For Loan Perpustakaan Merbok Koleksi Lembah Bujang 02/06/2010 A00510429 09/05/2018 Book